000 01022cas a2200241 4500
001 L153655
008 110815s2009 eng u
035 _a(Sirsi) u153655
041 0 _aeng
050 _a333.33 $2 18
110 2 _aSavills
_92020
245 0 0 _aMarket in minutes
_bcommercial
_h[electronic resource]
260 _aLondon
_bSavills
_cJune 2009-
362 0 _aJune 2009-
490 0 _aSavills Market in Minutes
_vJune 2009-
520 _aCovers prime equivalent yield data across a range of commercial property sectors and selected investment issues.
554 _aMonthly
651 4 _aUnited Kingdom
_y
690 _aPROPERTY-COMMERCIAL PROPERTY-COMMERCIAL PROPERTY FINANCE AND INVESTMENT
690 _aPROPERTY-COMMERCIAL PROPERTY-COMMERCIAL PROPERTY MARKET
856 4 0 _uhttps://www.savills.com/research/uk-research.aspx
_zView the report free of charge (type Market in Minutes in the find a report keyword box, highlighting also all dates and United Kingdom) at www.savills.com
942 _n0
999 _c119351
_d119351